الوصول إلى قواعد الأصول / (رقم التسجيلة. 28376)

تفاصيل مارك
000 -LEADER
fixed length control field 00719nam a22002057a 4500
005 - DATE AND TIME OF LATEST TRANSACTION
control field 20251108165445.0
008 - FIXED-LENGTH DATA ELEMENTS--GENERAL INFORMATION
fixed length control field 250721s2000 xx 000 0 ara d
082 14 - DEWEY DECIMAL CLASSIFICATION NUMBER
Classification number م/216.1/تمر
100 1# - MAIN ENTRY--PERSONAL NAME
Personal name التمرتاشي، محمد بن عبد الله بن أحمد الخطيب
245 10 - TITLE STATEMENT
Title الوصول إلى قواعد الأصول /
264 1# - PRODUCTION, PUBLICATION, DISTRIBUTION, MANUFACTURE, AND COPYRIGHT NOTICE
Place of production, publication, distribution, manufacture بيروت :
Name of producer, publisher, distributor, manufacturer دار الكتب العلميه،
Date of production, publication, distribution, manufacture, or copyright notice 2000.
300 ## - PHYSICAL DESCRIPTION
Extent 374ص.
500 ## - GENERAL NOTE
General note رسالة دكتوراه
650 17 - SUBJECT ADDED ENTRY--TOPICAL TERM
Topical term or geographic name as entry element الإسلام
650 17 - SUBJECT ADDED ENTRY--TOPICAL TERM
Topical term or geographic name as entry element الفقه الإسلامي
650 17 - SUBJECT ADDED ENTRY--TOPICAL TERM
Topical term or geographic name as entry element أصول الدين الإسلامي
700 1# - ADDED ENTRY--PERSONAL NAME
Personal name سليمان، محمد شريف مصطفى أحمد
Relator term تحقيق
942 ## - ADDED ENTRY ELEMENTS (KOHA)
Source of classification or shelving scheme Dewey Decimal Classification
Koha item type مراجع
المقتنيات
حالة السحب حالة الفقدان مصدر التصنيف حالة التلف غير قابل للإعارة المكتبة الرئيسية المكتبة الحالية موقع الرف تاريخ التزويد الرقم المتسلسل Total Checkouts رقم الإستدعاء الباركود تاريخ آخر ظهور تاريخ الفاتورة نوع المادة (كوها)
    Dewey Decimal Classification   Not For Loan المكتبة المركزية المكتبة المركزية مراجع 06/07/2004 377054   م/216.1/تمر DUP-01_377054 28/07/2025 06/07/2004 مراجع
    Dewey Decimal Classification   Not For Loan مكتبة أبو علندا العامة مكتبة أبو علندا العامة مراجع 06/07/2004 377077   م/216.1/تمر 377077 28/07/2025 06/07/2004 مراجع
    Dewey Decimal Classification   Not For Loan مكتبة أم قصير والمقابلين العامة مكتبة أم قصير والمقابلين العامة مراجع 06/07/2004 377075   م/216.1/تمر 377075 28/07/2025 06/07/2004 مراجع
    Dewey Decimal Classification   Not For Loan مكتبة الأميرة ايمان العامة مكتبة الأميرة ايمان العامة مراجع 06/07/2004 377068   م/216.1/تمر 377068 28/07/2025 06/07/2004 مراجع
    Dewey Decimal Classification   Not For Loan مكتبة البراعم الواعدة مكتبة البراعم الواعدة مراجع 24/06/2018 1653744   م/216.1/تمر PLD00422316 28/07/2025 24/06/2018 مراجع
    Dewey Decimal Classification   Not For Loan مكتبة الجويدة مكتبة الجويدة مراجع 30/06/2015 377072   م/216.1/تمر PLD00334922 28/07/2025 30/06/2015 مراجع
    Dewey Decimal Classification   Not For Loan مكتبة الجويدة مكتبة الجويدة مراجع 04/06/2018 1679671   م/216.1/تمر PLD00421735 28/07/2025 04/06/2018 مراجع
    Dewey Decimal Classification   Not For Loan مكتبة الحسن العامة مكتبة الحسن العامة مراجع 01/04/2019 377073   م/216.1/تمر PLD00448039 28/07/2025 01/04/2019 مراجع
    Dewey Decimal Classification   Not For Loan مكتبة حمزة العامة مكتبة حمزة العامة مراجع 06/07/2004 377074   م/216.1/تمر 377074 28/07/2025 06/07/2004 مراجع
    Dewey Decimal Classification   Not For Loan مكتبة صويلح العامة مكتبة صويلح العامة مراجع 06/07/2004 377069   م/216.1/تمر 377069 28/07/2025 06/07/2004 مراجع
    Dewey Decimal Classification   Not For Loan مكتبة وادي السير العامة مكتبة وادي السير العامة مراجع 06/07/2004 377078   م/216.1/تمر 377078 28/07/2025 06/07/2004 مراجع
Implemented & Customized by: BBB with SCIT (Smart Chains for Information Technology)

Powered by Koha